| 000 | 00582nam a2200169Ia 4500 | ||
|---|---|---|---|
| 008 | 150610s9999 xx 000 0 und d | ||
| 020 | _a0486266885 (pbk.) | ||
| 050 |
_aPR5485 _b.A1 1991 |
||
| 100 | _a Stevenson, Robert Louis, 1850-1894 | ||
| 245 |
_a The strange case of Dr. Jekyll and Mr. Hyde / _cRobert Louis Stevenson. |
||
| 260 |
_aNew York : _bDover Publications, _c1991. |
||
| 300 |
_a54pages ; _c21 cm. |
||
| 520 | _aFiction. | ||
| 650 |
_a Multiple personality _xFiction. |
||
| 650 |
_aLondon (England) _xFiction. |
||
| 650 |
_aSelf-experimentation in medicine _bFiction. |
||
| 999 |
_c288060 _d288060 |
||